000 00840nam a2200253Ia 4500
003 OSt
005 20220930193157.0
006 a|||||r|||| 00| 0
007 ta
008 220926b |||||||| |||| 00| 0 eng d
024 _a11175
037 _cDissertations
040 _aCRL
_cCRL
_beng
041 _2eng
_aeng
100 _aMalik Rajan
_9562033
110 _aUniversity of Delhi. Faculty of Medical Sciences. Department of Ophthalmology
_9520086
245 0 _aRole of ghost cells in the development of secondary glaucoma
260 _c1988
650 _aEYE - DISEASES
_9197938
700 _a Dr R Natarajan Supervisor
_9523759
700 _aUniversity of Delhi. Faculty of Medical Sciences. Department of Ophthalmology
_9520088
942 _cDIS
_2CC
999 _c896161
_d896161